[Event "Kragero Resort International 2022"]
[Site "Kragero"]
[Date "2022.02.25"]
[Round "6.8"]
[White "Strand, Amund Pihl"]
[Black "Skaar, Ben Samuel Groth"]
[Result "1-0"]
[WhiteElo "1748"]
[BlackElo "1641"]
[Annotator "NA"]
[PlyCount "141"]
[EventDate "2022.02.23"]
[EventType "swiss"]
[EventCountry "NOR"]
[SourceTitle "playchess.com"]
[Source "ChessBase"]
[SourceQuality "1"]
[TimeControl "5400+30"]

1. c4 {[%emt 0:02:47]} e5 {[%emt 0:00:06]} 2. Nc3 {[%emt 0:00:06]} Nf6 {[%emt 0:00:04]} 3. g3 {[%emt 0:00:07]} Nc6 {[%emt 0:00:11]} 4. Bg2 {[%emt 0:00:07]} Bb4 {[%emt 0:00:15]} 5. d3 {[%emt 0:02:03]} d5 {[%emt 0:01:46]} 6. cxd5 {[%emt 0:01:46]} Nxd5 {[%emt 0:00:11]} 7. Bd2 {[%emt 0:01:44]} Be6 {[%emt 0:07:07]} 8. Nf3 {[%emt 0:02:26]} h6 {[%emt 0:03:21]} 9. O-O {[%emt 0:03:29]} Bxc3 {[%emt 0:01:28]} 10. bxc3 {[%emt 0:01:08]} Qd7 {[%emt 0:01:16]} 11. c4 {[%emt 0:05:06]} Nde7 {[%emt 0:01:49]} 12. Bc3 {[%emt 0:04:12]} Ng6 {[%emt 0:04:53]} 13. Qb3 {[%emt 0:06:47]} Rb8 {[%emt 0:01:46]} 14. Qb2 {[%emt 0:01:10]} f6 {[%emt 0:03:22]} 15. Rfd1 {[%emt 0:00:58]} Qf7 {[%emt 0:01:04]} 16. d4 {[%emt 0:03:52]} exd4 {[%emt 0:03:13]} 17. Nxd4 {[%emt 0:00:09]} Nxd4 {[%emt 0:01:44]} 18. Bxd4 {[%emt 0:00:08]} O-O {[%emt 0:00:35]} 19. Bxa7 {[%emt 0:03:02]} Ra8 {[%emt 0:00:15]} 20. Qxb7 {[%emt 0:00:43]} Bxc4 {[%emt 0:01:46]} 21. Rac1 {[%emt 0:05:36]} Rad8 {[%emt 0:08:42]} 22. a4 {[%emt 0:05:24]} Rfe8 {[%emt 0:09:47]} 23. e3 {[%emt 0:06:20]} Ne5 {[%emt 0:01:47]} 24. a5 {[%emt 0:03:22]} Qh5 {[%emt 0:05:32]} 25. Rd4 {[%emt 0:09:01]} Qe2 {[%emt 0:11:17]} 26. Rcxc4 {[%emt 0:07:19]} Nxc4 {[%emt 0:06:55]} 27. Bd5+ {[%emt 0:00:27]} Kh8 {[%emt 0:00:31]} 28. Bxc4 {[%emt 0:00:10]} Qe1+ {[%emt 0:00:21]} 29. Kg2 {[%emt 0:00:12]} Qxa5 {[%emt 0:00:58]} 30. Bb5 {[%emt 0:06:53]} Rxd4 {[%emt 0:02:25]} 31. Bxd4 {[%emt 0:00:11]} Rd8 {[%emt 0:00:28]} 32. Bc6 {[%emt 0:04:34]} Qf5 {[%emt 0:05:24]} 33. Qxc7 {[%emt 0:01:10]} Rc8 {[%emt 0:00:06]} 34. Qd6 {[%emt 0:00:26]} Qc2 {[%emt 0:00:41]} 35. Bf3 {[%emt 0:01:54]} Qc7 {[%emt 0:01:08]} 36. Qe6 {[%emt 0:00:26]} Rb8 {[%emt 0:01:38]} 37. Be4 {[%emt 0:00:42]} Qc8 {[%emt 0:00:37]} 38. Qf7 {[%emt 0:00:27]} Qe8 {[%emt 0:00:10]} 39. Qd5 {[%emt 0:00:32]} Rb5 {[%emt 0:00:31]} 40. Qc6 {[%emt 0:02:04]} Qxc6 {[%emt 0:01:00]} 41. Bxc6 {[%emt 0:00:05]} Rb1 {[%emt 0:00:23]} 42. Kf3 {[%emt 0:00:18]} Kg8 {[%emt 0:00:09]} 43. Kf4 {[%emt 0:01:24]} Kf7 {[%emt 0:00:12]} 44. Bd5+ {[%emt 0:00:22]} Ke7 {[%emt 0:00:50]} 45. Kf5 {[%emt 0:00:27]} Rb5 {[%emt 0:00:35]} 46. e4 {[%emt 0:00:10]} Ra5 {[%emt 0:00:27]} 47. Kg6 {[%emt 0:01:02]} Kf8 {[%emt 0:00:57]} 48. h4 {[%emt 0:00:12]} Rb5 {[%emt 0:00:18]} 49. g4 {[%emt 0:00:36]} Ra5 {[%emt 0:00:06]} 50. f4 {[%emt 0:01:33]} Rb5 {[%emt 0:00:05]} 51. Bxf6 {[%emt 0:00:25]} gxf6 {[%emt 0:00:18]} 52. Kxf6 {[%emt 0:00:09]} Rb6+ {[%emt 0:00:07]} 53. Be6 {[%emt 0:00:36]} Rb4 {[%emt 0:00:24]} 54. Bd5 {[%emt 0:02:52]} Rb6+ {[%emt 0:00:07]} 55. Kf5 {[%emt 0:00:10]} Kg7 {[%emt 0:00:29]} 56. e5 {[%emt 0:02:02]} Rb5 {[%emt 0:00:23]} 57. Ke6 {[%emt 0:00:57]} Rb4 {[%emt 0:00:18]} 58. f5 {[%emt 0:00:46]} Rxg4 {[%emt 0:01:58]} 59. Ke7 {[%emt 0:00:06]} Ra4 {[%emt 0:00:46]} 60. f6+ {[%emt 0:00:15]} Kg6 {[%emt 0:00:22]} 61. Bc6 {[%emt 0:04:44]} Ra5 {[%emt 0:02:03]} 62. e6 {[%emt 0:00:24]} Ra7+ {[%emt 0:01:11]} 63. Bd7 {[%emt 0:00:06]} Ra8 {[%emt 0:00:09]} 64. Be8+ {[%emt 0:00:29]} Kh7 {[%emt 0:00:53]} 65. f7 {[%emt 0:00:15]} h5 {[%emt 0:00:34]} 66. f8=Q {[%emt 0:00:57]} Ra7+ {[%emt 0:00:14]} 67. Bd7 {[%emt 0:00:06]} Ra8 {[%emt 0:00:27]} 68. Qxa8 {[%emt 0:00:11]} Kg7 {[%emt 0:00:07]} 69. Qg2+ {[%emt 0:00:14]} Kh7 {[%emt 0:00:09]} 70. Kf7 {[%emt 0:00:05]} Kh8 {[%emt 0:00:08]} 71. Qg8# {[%emt 0:00:05]} 1-0

[Event "Kragero Resort International 2022"]
[Site "Kragero"]
[Date "2022.02.25"]
[Round "6.9"]
[White "Kaasen, Tor Fredrik"]
[Black "Radeva, Viktoria"]
[Result "1/2-1/2"]
[WhiteElo "2458"]
[BlackElo "2261"]
[Annotator "ChessBase"]
[PlyCount "166"]
[EventDate "2022.02.23"]
[EventType "swiss"]
[EventCountry "NOR"]
[SourceTitle "playchess.com"]
[Source "ChessBase"]
[SourceQuality "1"]
[TimeControl "5400+30"]

1. e4 {[%emt 0:01:32]} c5 {[%emt 0:00:05]} 2. Nf3 {[%emt 0:00:19]} e6 {[%emt 0:00:08]} 3. d4 {[%emt 0:00:38]} cxd4 {[%emt 0:00:12]} 4. Nxd4 {[%emt 0:00:09]} a6 {[%emt 0:00:17]} 5. Bd3 {[%emt 0:00:44]} Nf6 {[%emt 0:01:41]} 6. O-O {[%emt 0:00:41]} d6 {[%emt 0:00:21]} 7. c4 {[%emt 0:00:58]} g6 {[%emt 0:01:27]} 8. Nc3 {[%emt 0:00:57]} Bg7 {[%emt 0:00:07]} 9. Be3 {[%emt 0:01:55]} O-O {[%emt 0:00:41]} 10. Rc1 {[%emt 0:01:44]} Qc7 {[%emt 0:01:00]} 11. f3 {[%emt 0:01:01]} Nbd7 {[%emt 0:00:49]} 12. Qd2 {[%emt 0:01:20]} b6 {[%emt 0:00:49]} 13. Rfd1 {[%emt 0:01:07]} Bb7 {[%emt 0:00:49]} 14. Bf1 {[%emt 0:01:02]} Rfe8 {[%emt 0:08:36]} 15. b4 {[%emt 0:02:32]} Rac8 {[%emt 0:06:17]} 16. Nb3 {[%emt 0:02:20]} Bf8 {[%emt 0:02:57]} 17. a3 {[%emt 0:04:32]} Qb8 {[%emt 0:00:34]} 18. Kh1 {[%emt 0:01:24]} Qa8 {[%emt 0:09:57]} 19. Na4 {[%emt 0:07:10]} d5 {[%emt 0:07:31]} 20. exd5 {[%emt 0:04:04]} exd5 {[%emt 0:01:30]} 21. c5 {[%emt 0:02:43]} bxc5 {[%emt 0:29:34]} 22. Naxc5 {[%emt 0:02:20]} Nxc5 {[%emt 0:02:16]} 23. Nxc5 {[%emt 0:01:06]} Rcd8 {[%emt 0:08:45]} 24. Bd4 {[%emt 0:04:17]} Bg7 {[%emt 0:01:14]} 25. a4 {[%emt 0:08:42]} Bc8 {[%emt 0:03:49]} 26. b5 {[%emt 0:01:59]} axb5 {[%emt 0:00:16]} 27. axb5 {[%emt 0:00:20]} Nd7 {[%emt 0:01:02]} 28. Bxg7 {[%emt 0:10:17]} Kxg7 {[%emt 0:00:20]} 29. Qc3+ {[%emt 0:00:33]} Kg8 {[%emt 0:00:54]} 30. Ra1 {[%emt 0:00:27]} Qb8 {[%emt 0:00:17]} 31. Rxd5 {[%emt 0:00:26]} Nxc5 {[%emt 0:01:02]} 32. Rxd8 {[%emt 0:00:54]} Rxd8 {[%emt 0:00:08]} 33. Qxc5 {[%emt 0:00:05]} Be6 {[%emt 0:00:30]} 34. b6 {[%emt 0:00:41]} Bd5 {[%emt 0:04:47]} 35. Re1 {[%emt 0:06:47]} Be6 {[%emt 0:02:07]} 36. Ba6 {[%emt 0:02:23]} Rd6 {[%emt 0:00:57]} 37. Bb7 {[%emt 0:04:47]} Qd8 {[%emt 0:01:40]} 38. Qc7 {[%emt 0:01:39]} Qh4 {[%emt 0:00:25]} 39. Rb1 {[%emt 0:05:21]} Qd4 {[%emt 0:03:22]} 40. h3 {[%emt 0:01:00]} Rd7 {[%emt 0:00:42]} 41. Qb8+ {[%emt 0:03:30]} Rd8 {[%emt 0:00:01]} 42. Qa7 {[%emt 0:03:38]} Bf5 {[%emt 0:00:23]} 43. Ra1 {[%emt 0:02:06]} Qf2 {[%emt 0:01:06]} 44. Bd5 {[%emt 0:01:53]} Rxd5 {[%emt 0:00:05]} 45. Qa8+ {[%emt 0:00:10]} Kg7 {[%emt 0:00:04]} 46. Qxd5 {[%emt 0:00:18]} Qxb6 {[%emt 0:00:04]} 47. Qe5+ {[%emt 0:01:03]} Qf6 {[%emt 0:00:10]} 48. Qxf6+ {[%emt 0:00:23]} Kxf6 {[%emt 0:00:01]} 49. g4 {[%emt 0:00:18]} Be6 {[%emt 0:00:05]} 50. Ra5 {[%emt 0:00:19]} h6 {[%emt 0:01:42]} 51. Kh2 {[%emt 0:00:27]} Kg7 {[%emt 0:00:53]} 52. Kg3 {[%emt 0:00:17]} Bc4 {[%emt 0:00:41]} 53. Rc5 {[%emt 0:00:16]} Bb3 {[%emt 0:00:05]} 54. Rc6 {[%emt 0:00:23]} Bd5 {[%emt 0:00:19]} 55. Rb6 {[%emt 0:00:05]} Be6 {[%emt 0:00:40]} 56. Kf4 {[%emt 0:01:32]} g5+ {[%emt 0:01:17]} 57. Ke5 {[%emt 0:00:15]} Bc4 {[%emt 0:00:07]} 58. Rf6 {[%emt 0:01:13]} Bf1 {[%emt 0:01:10]} 59. Rd6 {[%emt 0:01:23]} Bxh3 {[%emt 0:00:24]} 60. Rd1 {[%emt 0:00:20]} Kg6 {[%emt 0:00:32]} 61. Rg1 {[%emt 0:01:18]} f6+ {[%emt 0:00:35]} 62. Ke6 {[%emt 0:00:23]} f5 {[%emt 0:00:26]} 63. Ke5 {[%emt 0:03:45]} fxg4 {[%emt 0:00:04]} 64. fxg4 {[%emt 0:00:06]} h5 {[%emt 0:00:20]} 65. gxh5+ {[%emt 0:00:09]} Kxh5 {[%emt 0:00:04]} 66. Kf6 {[%emt 0:00:05]} g4 {[%emt 0:00:10]} 67. Kf5 {[%emt 0:00:11]} Kh4 {[%emt 0:01:55]} 68. Kf4 {[%emt 0:00:13]} Kh5 {[%emt 0:00:18]} 69. Rc1 {[%emt 0:00:16]} Kg6 {[%emt 0:00:41]} 70. Rc6+ {[%emt 0:00:07]} Kf7 {[%emt 0:00:20]} 71. Ke5 {[%emt 0:00:08]} Kg7 {[%emt 0:00:46]} 72. Kf5 {[%emt 0:00:06]} g3+ {[%emt 0:00:21]} 73. Kg5 {[%emt 0:01:06]} g2 {[%emt 0:00:18]} 74. Rg6+ {[%emt 0:00:08]} Kh7 {[%emt 0:00:49]} 75. Kh5 {[%emt 0:00:11]} Kh8 {[%emt 0:00:25]} 76. Kh6 {[%emt 0:00:09]} Bg4 {[%emt 0:00:35]} 77. Rb6 {[%emt 0:01:47]} Be6 {[%emt 0:00:32]} 78. Rb1 {[%emt 0:00:34]} Bd5 {[%emt 0:00:16]} 79. Rd1 {[%emt 0:00:21]} Bc4 {[%emt 0:00:31]} 80. Kg6 {[%emt 0:00:49]} Bd3+ {[%emt 0:00:21]} 81. Kh6 {[%emt 0:00:05]} Bc4 {[%emt 0:00:03]} 82. Rg1 {[%emt 0:00:10]} Bf1 {[%emt 0:00:32]} 83. Rxg2 {[%emt 0:00:04]} Bxg2 {[%emt 0:00:03]} 1/2-1/2

[Event "Kragero Resort International 2022"]
[Site "Kragero"]
[Date "2022.02.25"]
[Round "6.10"]
[White "Donchenko, Alexander"]
[Black "Zadruzny, Nicolaj"]
[Result "1-0"]
[WhiteElo "2636"]
[BlackElo "2280"]
[Annotator "TA"]
[PlyCount "83"]
[EventDate "2022.02.23"]
[EventType "swiss"]
[EventCountry "NOR"]
[SourceTitle "playchess.com"]
[Source "ChessBase"]
[SourceQuality "1"]

{[%evp 12,83,30,20,52,33,28,35,27,21,27,24,39,35,35,16,10,0,0,-2,0,0,0,0,0,0,0,0,32,0,0,4,48,44,41,45,49,47,43,48,45,38,38,38,74,71,157,149,124,71,87,73,85,89,102,95,113,108,120,104,150,159,250,249,203,205,212,195,214,199,174,147,1100,935]} 1. c4 Nf6 2. Nc3 e6 3. e4 d5 4. cxd5 exd5 5. e5 Ne4 6. Nf3 Nc6 7. Bb5 Nxc3 {A18: English Opening: Flohr-Mikenas System (1 c4 Nf6 2 Nc3 e6 3 e4).} 8. bxc3 (8. dxc3 $5 {[%cal Rc1g5]} a6 9. Ba4 $14) 8... Be7 9. d4 Bf5 {White is slightly better.} 10. O-O O-O 11. Re1 Qd7 12. Bf4 a6 13. Bf1 Nd8 {[#]} 14. Qb3 $146 ({Predecessor:} 14. Nd2 Ne6 15. Be3 f6 16. Nf3 Be4 17. exf6 Bxf6 18. Ne5 Bxe5 19. dxe5 b5 20. a4 {1-0 (44) Donchenko,A (2657)-Pultinevicius,P (2528) Riga 2021}) 14... Ne6 15. Be3 b5 16. a4 {[%cal Ra4b5]} c6 17. Ra2 Rab8 18. axb5 axb5 19. Rea1 Nc7 20. Bf4 {[%cal Oe5e6]} Ra8 21. Ra7 Be6 (21... Rxa7 $11 22. Rxa7 Qc8) 22. Ng5 $14 Rxa7 23. Rxa7 Ra8 24. Rxa8+ Nxa8 25. Nxe6 Qxe6 26. Qa2 Nb6 27. Qa7 Nd7 28. h3 f5 (28... Nf8 $142) 29. Qa8+ $16 Nf8 30. Bd3 ({White should play} 30. Be2) 30... Qd7 31. Be3 h5 32. Kh2 $36 {[%mdl 2048] White is in control. White is much more active.} Kf7 {[#]} 33. Be2 $1 g6 34. g4 hxg4 35. hxg4 fxg4 (35... Qe8 $142 36. Qxe8+ Kxe8 37. gxf5 gxf5) 36. Kg3 Qe8 (36... Bd8 $16 37. Bd1 (37. Bxg4 Qc7 $18) 37... Ne6 38. Bxg4 Qc7) 37. Qb7 $18 Ne6 {[%cal Ob5b4]} 38. Bxg4 Nd8 39. Qc8 Qh8 40. Kg2 Qh4 41. Bf4 {[#] aiming for Bg3.} Bg5 $2 {[%mdl 8192]} (41... Kg7 $16 42. Bg3 Qh6) 42. Bg3 {Weighted Error Value: White=0.05 (flawless) /Black=0.14 (very precise)} 1-0

[Event "Kragero Resort International 2022"]
[Site "Kragero"]
[Date "2022.02.25"]
[Round "6.11"]
[White "Urkedal, Frode Olav Olsen"]
[Black "Abdrlauf, Elham"]
[Result "1-0"]
[WhiteElo "2549"]
[BlackElo "2343"]
[Annotator "TA"]
[PlyCount "55"]
[EventDate "2022.02.23"]
[EventType "swiss"]
[EventCountry "NOR"]
[SourceTitle "playchess.com"]
[Source "ChessBase"]
[SourceQuality "1"]

{[%evp 9,55,19,27,30,74,75,70,68,68,50,157,-14,106,88,89,96,114,127,239,184,192,139,176,186,208,167,233,235,242,212,310,301,325,297,290,299,368,333,600,545,588,564,472,482,665,618,850,844]} 1. d4 d5 2. c4 dxc4 3. e4 b5 4. a4 c6 5. axb5 cxb5 6. Nc3 {D20: Queen's Gambit Accepted: 3 e3 and 3 e4.} Qb6 {is currently scoring better than 6...Bd7.} (6... a6 $1 $11 {deserves consideration.}) 7. Nd5 Qb7 8. Bf4 {aiming for Nc7+. White is slightly better.} e5 $1 9. Bxe5 {Strongly threatening Ne2.} Nc6 {[#]} (9... Nd7 $1 $14) 10. Bg3 $146 {White is much more active.} (10. Nc7+ $16 Kd8 11. Nxa8) ({Predecessor:} 10. Nc7+ Kd8 11. Nxa8 Qxa8 12. Bf4 Nf6 13. f3 Bb4+ 14. Bd2 Ke7 15. Bxb4+ Nxb4 16. Qd2 Nc6 17. d5 Rd8 18. Qe3 Nb4 19. Rxa7+ Rd7 20. Qc5+ {1-0 (20) Dev,S (2272)-Josse,M (2235) Chess.com INT 2022}) 10... Nf6 (10... Bb4+ $11 {remains equal.} 11. Nxb4 Nxb4) 11. Nc7+ $16 {White stays focused until the end.} Kd8 12. f3 $1 $36 {[%mdl 2048] Hoping for Ne2. Black is under strong pressure.} (12. Nxa8 $6 Bb4+ 13. Ke2 Nxe4 14. Bc7+ Kd7 $11) 12... Bb4+ {[#]} 13. Kf2 $1 Bg4 14. Ne2 ({Not} 14. Nxa8 $2 {[#]} Nxe4+ $1 {[%mdl 512]} 15. fxe4 (15. Ke3 $2 Re8 $19) 15... Bxd1 16. Rxd1 Qxa8 $19) 14... Rc8 15. Nd5 (15. Na6 $18) 15... Be6 16. Nxb4 Nxb4 17. Nc3 Qb6 (17... Ke7 $142 18. d5 Qb6+ 19. Ke1 Qe3+ 20. Be2 Nd3+ 21. Kf1 b4) 18. Bf4 $18 {[%cal Bg3f4,Bf4e3,Be3d4][%mdl 32]} a6 19. Be3 {Black must now prevent d5.} Qb7 (19... Bd5 $142 20. exd5 Nfxd5) 20. d5 Bd7 21. Qd2 Re8 22. Bd4 Ke7 23. Nd1 ({Less strong is} 23. Qg5 Kf8 $16) 23... Nd3+ (23... Nbxd5 24. exd5 Kf8) 24. Bxd3 {White is clearly winning.} cxd3 25. Qb4+ Kd8 26. Ne3 {Inhibits Rc2+.} d2 27. Rhd1 Nxe4+ 28. fxe4 {Weighted Error Value: White=0.20 (precise) /Black=0.64} 1-0

[Event "Kragero Resort International 2022"]
[Site "Kragero"]
[Date "2022.02.25"]
[Round "6.12"]
[White "Kvaloy, Aksel Bu"]
[Black "Rozum, Ivan"]
[Result "1-0"]
[WhiteElo "2280"]
[BlackElo "2537"]
[Annotator "TA"]
[PlyCount "181"]
[EventDate "2022.02.23"]
[EventType "swiss"]
[EventCountry "NOR"]
[SourceTitle "playchess.com"]
[Source "ChessBase"]
[SourceQuality "1"]

{[%evp 11,181,6,25,0,13,22,20,22,16,18,13,9,12,5,6,0,11,0,0,0,5,0,0,5,18,-7,0,-17,0,0,0,0,0,0,0,0,0,0,0,0,-6,-26,12,14,28,12,28,0,0,0,66,0,0,0,194,70,68,0,205,186,192,178,239,208,618,602,621,621,604,607,658,891,900,896,943,579,900,900,620,987,964,873,940,1023,1026,1026,1026,1026,1018,1015,1000,995,982,0,970,975,940,790,940,935,814,395,582,395,395,395,1722,1468,1261,1127,2719,1859,29966,29966,4628,2256,29974,29975,29974,29976,29976,29976,29976,29973,29963,0,5609,4694,29967,29969,29969,29970,29970,29971,29968,29968,29968,29966,29965,29967,29967,29968,29968,29961,29957,29957,29959,29960,29959,29955,29956,0,29962,29963,29960,29961,29969,29956,29979,29980,29981,29982,29982,29983,29989,29990,29991,29982,29982,29983,29983,29984]} 1. e4 {Roiz,M} c6 2. d4 d5 3. e5 Bf5 4. h4 h5 5. Bd3 Bxd3 6. Qxd3 e6 7. Bg5 {B12: Caro-Kann: Advance Variation.} Be7 (7... Qb6 $5 {[%cal Rb6b2]}) 8. Nf3 Nh6 9. Nc3 {The position is equal.} Nf5 10. Ne2 c5 11. dxc5 Qa5+ 12. c3 {White wants to play b4.} Qxc5 13. Bxe7 {[#]} Qxe7 $146 ({Predecessor:} 13... Kxe7 14. Ned4 Nxd4 15. Nxd4 Nc6 16. O-O Nxe5 17. Qe3 Nd7 18. Rfe1 Kf8 19. Rad1 Rh6 {0-1 (32) Adams,M (2761)-Svidler,P (2741) Shenzhen 2017 CBM 178 [Roiz,M]}) 14. g3 Nc6 15. O-O O-O 16. Nf4 g6 17. Rfe1 Rfd8 18. a3 Qc5 19. b4 Qc4 20. Qxc4 dxc4 21. a4 a5 22. b5 Nb8 {[%cal Bc6b8,Bb8d7,Bd7b6,Bb6c4][%mdl 32]} 23. Re4 Nd7 24. Rxc4 Rac8 25. Rxc8 Rxc8 26. Ra3 (26. c4 $5) 26... Nb6 {[%mdl 1024] Black has compensation.} 27. Nd2 Ne7 28. Kf1 Rd8 29. Nb3 Nc4 {[%csl LRa3,LRe5]} 30. Ra1 Nd5 ({Black should play} 30... b6 $11) 31. Nxd5 ({White should try} 31. Rc1 $1 $14) 31... Rxd5 $14 {[%mdl 4096] Endgame KRN-KRN} 32. Re1 {And now Re4 would win.} Rd3 $2 (32... b6 $11) 33. Rc1 (33. Nc5 $18 Rxc3 34. Nxb7) 33... Rd5 ({Not} 33... Nxe5 34. Ke2 $16 (34. Nc5 Rd5 $16)) 34. Re1 (34. f4 $1 $14) 34... Rd3 $18 {White leaves nothing to chance now.} 35. Nc5 {[%csl LRb7,LRd3]} Rxc3 36. Nxb7 Ra3 (36... Kf8 $142 37. Kg2 Ke7) 37. Rc1 Rxa4 (37... Nb6 38. Nd6 (38. Nxa5 Rxa4 39. Nb7 Nd5 $18) 38... Rb3) 38. Nd6 Nd2+ 39. Kg2 Rb4 40. Rc6 Nb3 41. b6 {[%cal Bb5b6,Bb6b7][%mdl 32]} a4 42. b7 a3 43. Rc8+ Kg7 44. Ra8 a2 45. Rxa2 Nc5 46. Ra8 Nxb7 47. Rb8 Nxd6 48. Rxb4 {KR-KN} Nf5 49. Kf3 Ne7 50. Rb7 Nd5 51. Rd7 Nb6 52. Rb7 Nd5 53. Ke4 Kf8 54. Rb8+ Kg7 55. Rd8 {Threatening mate with Rxd5.} Ne7 56. f3 (56. Rd7 $142 Kf8 57. Kf4) 56... Nf5 (56... g5 $142 57. hxg5 Nf5) 57. Kf4 {Black must now prevent Rd7.} Kh6 58. Rd7 Kg7 (58... g5+ 59. hxg5+ Kg6) 59. Ra7 Nd4 60. g4 hxg4 61. fxg4 {White threatens h5 and mate.} Nb5 62. Rd7 Nc3 63. Rb7 (63. h5 $142 gxh5 64. gxh5) 63... Nd5+ 64. Kg5 Nc3 65. Rb4 Nd5 66. Rb3 Ne7 67. Rb6 Nd5 68. Rb7 (68. Rc6 $142 Ne3 69. Rc8 Nf1 70. h5 Ng3 71. h6+ Kh7 72. Rf8 Ne4+ 73. Kf4) 68... Nc3 $1 69. h5 gxh5 70. gxh5 Ne4+ 71. Kf4 Nc5 72. h6+ Kxh6 73. Rxf7 Kg6 74. Rf6+ Kg7 {[#]} 75. Kg4 $1 Kg8 76. Rf3 Nd7 77. Re3 Kf7 78. Kh5 Kg7 79. Kg5 Kf7 80. Kh6 Kf8 81. Kg5 Kf7 $1 82. Rf3+ {White mates.} Ke7 83. Kf4 Kf7 84. Rd3 Nf8 85. Kg5 Kg7 86. Ra3 Nh7+ 87. Kh5 Nf8 88. Ra7+ Kg8 89. Ra8 Kf7 {[#]} 90. Rxf8+ $1 {[%mdl 512]} Kxf8 91. Kg6 {Weighted Error Value: White=0.39/Black=0.35} 1-0

[Event "Kragero Resort International 2022"]
[Site "Kragero"]
[Date "2022.02.25"]
[Round "6.13"]
[White "Vrolijk, Liam"]
[Black "Kanyamarala, Tarun"]
[Result "0-1"]
[WhiteElo "2480"]
[BlackElo "2343"]
[Annotator "ChessBase"]
[PlyCount "94"]
[EventDate "2022.02.23"]
[EventType "swiss"]
[EventCountry "NOR"]
[SourceTitle "playchess.com"]
[Source "ChessBase"]
[SourceQuality "1"]
[TimeControl "5400+30"]

1. d4 {[%emt 0:01:05]} f5 {[%emt 0:01:25]} 2. g3 {[%emt 0:00:36]} Nf6 {[%emt 0:00:59]} 3. Bg2 {[%emt 0:00:07]} g6 {[%emt 0:00:06]} 4. Nf3 {[%emt 0:00:05]} Bg7 {[%emt 0:00:08]} 5. O-O {[%emt 0:00:10]} O-O {[%emt 0:00:07]} 6. c4 {[%emt 0:00:15]} d6 {[%emt 0:00:09]} 7. Nc3 {[%emt 0:00:06]} c6 {[%emt 0:00:11]} 8. d5 {[%emt 0:00:34]} e5 {[%emt 0:00:14]} 9. dxe6 {[%emt 0:00:09]} Bxe6 {[%emt 0:00:06]} 10. b3 {[%emt 0:00:32]} Na6 {[%emt 0:00:37]} 11. Ng5 {[%emt 0:01:25]} Bc8 {[%emt 0:00:52]} 12. Bb2 {[%emt 0:02:59]} Qe7 {[%emt 0:00:33]} 13. Qc2 {[%emt 0:01:36]} Bd7 {[%emt 0:00:17]} 14. Rad1 {[%emt 0:01:33]} Rad8 {[%emt 0:00:17]} 15. e3 {[%emt 0:02:48]} Bc8 {[%emt 0:05:25]} 16. Rfe1 {[%emt 0:05:56]} Ng4 {[%emt 0:08:07]} 17. Nf3 {[%emt 0:05:46]} Ne5 {[%emt 0:02:04]} 18. Nd4 {[%emt 0:00:52]} Nc5 {[%emt 0:17:40]} 19. h3 {[%emt 0:07:16]} Qf7 {[%emt 0:10:51]} 20. f4 {[%emt 0:13:26]} Ned7 {[%emt 0:00:13]} 21. e4 {[%emt 0:07:18]} fxe4 {[%emt 0:05:08]} 22. Nxe4 {[%emt 0:00:17]} Nxe4 {[%emt 0:00:31]} 23. Rxe4 {[%emt 0:01:57]} Nf6 {[%emt 0:18:23]} 24. Re3 {[%emt 0:03:43]} d5 {[%emt 0:02:15]} 25. Rde1 {[%emt 0:03:43]} Rfe8 {[%emt 0:00:17]} 26. f5 {[%emt 0:07:51]} dxc4 {[%emt 0:12:12]} 27. Ne6 {[%emt 0:05:45]} Bxe6 {[%emt 0:00:33]} 28. fxe6 {[%emt 0:00:51]} Qe7 {[%emt 0:00:29]} 29. bxc4 {[%emt 0:01:06]} Nh5 {[%emt 0:02:31]} 30. Ba3 {[%emt 0:00:44]} Qg5 {[%emt 0:01:53]} 31. h4 {[%emt 0:04:21]} Qg4 {[%emt 0:00:21]} 32. Kh2 {[%emt 0:02:50]} Be5 {[%emt 0:01:49]} 33. Rxe5 {[%emt 0:04:39]} Qxg3+ {[%emt 0:00:05]} 34. Kh1 {[%emt 0:03:03]} Qxa3 {[%emt 0:03:48]} 35. e7 {[%emt 0:00:15]} Rd4 {[%emt 0:02:20]} 36. R1e3 {[%emt 0:04:46]} Qd6 {[%emt 0:00:38]} 37. c5 {[%emt 0:01:41]} Qf6 {[%emt 0:01:37]} 38. Kg1 {[%emt 0:00:06]} Qxh4 {[%emt 0:01:54]} 39. R3e4 {[%emt 0:04:02]} Rxe4 {[%emt 0:00:39]} 40. Rxe4 {[%emt 0:00:02]} Qg5 {[%emt 0:01:12]} 41. Qb3+ {[%emt 0:02:17]} Kg7 {[%emt 0:00:09]} 42. Qxb7 {[%emt 0:00:41]} Qxc5+ {[%emt 0:00:07]} 43. Kh2 {[%emt 0:00:04]} Nf6 {[%emt 0:00:24]} 44. Re6 {[%emt 0:00:09]} Ng4+ {[%emt 0:01:24]} 45. Kg3 {[%emt 0:00:34]} Qf2+ {[%emt 0:00:50]} 46. Kh3 {[%emt 0:00:01]} g5 {[%emt 0:00:55]} 47. Bxc6 {[%emt 0:01:41]} Ne3 {[%emt 0:00:20]} 0-1